Statistics for Oscars 2024 - Movie Posters

Click here to take the quiz!

General Stats

  • This quiz has been taken 195 times
  • The average score is 13 of 25

Answer Stats

Answer% Correct
Barbie
100%
Oppenheimer
86%
Poor Things
83%
Napoleon
82%
Killers of the Flower Moon
76%
Elemental
74%
Maestro
68%
Spider-man: Across the Spider-verse
60%
Anatomy of a Fall
59%
The Boy and the Heron
58%
The Holdovers
56%
Past Lives
55%
American Fiction
54%
The Zone of Interest
53%
May December
49%
Godzilla Minus One
45%
Indiana Jones and the Dial of Destiny
43%
Society of the Snow
39%
The Creator
37%
Guardians of the Galaxy 3
27%
Mission: Impossible - Dead Reckoning Part One
26%
El Conde
22%
Robot Dreams
22%
Nimona
19%
Golda
18%

Score Distribution

Percentile by Number Answered

Percent of People with Each Score

Your Score History

You have not taken this quiz